Biodiversidad del margen continental del Caribe Colombiano. (Registro nro. 8193)
[ vista simple ]
| 000 -CABECERA | |
|---|---|
| Campo de control | 00782nam a22002177a 4500 |
| 005 - FECHA Y HORA DE LA ULTIMA TRANSACCION | |
| Campo de control | 20140303110629.0 |
| 008 - ELEMENTOS DE LONGITUD FIJA—INFORMACION GENERAL | |
| Campo de control | 140129s2010 ck g 000 0dspa d |
| 020 ## - ISBN | |
| ISBN | 9789588448299 |
| 041 ## - IDIOMA | |
| Código de idioma para texto/pista de sonido o título separado | Español |
| 044 ## - PAÍS DE PUBLICACIÓN | |
| País de publicación | Colombia |
| 082 ## - NUMERO DE CLASIFICACION DECIMAL DEWEY | |
| Número de clasificación | 333.75 |
| Número del ítem | I62b |
| 110 1# - ASIENTO PRINCIPAL--NOMBRE CORPORATIVO | |
| Nombre corporativo o de jurisdicción como elemento de entrada | Invemar |
| 245 10 - MENCION DE TITULO | |
| Título | Biodiversidad del margen continental del Caribe Colombiano. |
| 260 ## - PUBLICACION, DISTRIBUCION, ETC. (PIE DE IMPRENTA) | |
| Lugar de publicación, distribución, etc. | Santa Marta, Colombia |
| Nombre del editor, distribuidor, etc. | Invemar |
| -- | ANH |
| Fecha de publicación, distribución, etc. | 2010 |
| 300 ## - DESCRIPCION FISICA | |
| Extensión | 457 p. |
| Otros detalles físicos | fot. (col), tablas, mapas. |
| Dimensiones | 29 cm. |
| 490 ## - MENCION DE SERIE | |
| Mención de serie | Publicaciones Especiales Invemar |
| Designación numérica/secuencial del volumen | 20 |
| 650 #4 - ASIENTO SECUNDARIO DE MATERIA - TERMINO TEMATICO | |
| Término temático o nombre geográfico como elemento de entrada | Conservación de la diversidad biológica |
| Subdivisión geográfica | Costa Atlántica (Colombia) |
| 650 #4 - ASIENTO SECUNDARIO DE MATERIA - TERMINO TEMATICO | |
| Término temático o nombre geográfico como elemento de entrada | Gestión de ecosistemas |
| Subdivisión geográfica | Costa Atlántica (Colombia) |
| 650 #4 - ASIENTO SECUNDARIO DE MATERIA - TERMINO TEMATICO | |
| Término temático o nombre geográfico como elemento de entrada | Desarrollo sostenible |
| Subdivisión geográfica | Costa Atlántica (Colombia) |
| 942 ## - ELEMENTOS ADICIONALES (KOHA) | |
| Sistema de clasificación | Dewey Decimal Classification |
| Tipo de ítem | Impreso |
| Withdrawn status | Lost status | Sistema de Clasificación | Damaged status | No para préstamo | Colección | Inventariado | Ubicación Permanente | Ubicación actual | Fecha de adquisición | Fuente de Valor | Valor | Total Checkouts | Número topográfico | Inventario / Código de Barras | Date last seen | Ejemplar | Price effective from | Forma de adquisición | Tipo de material |
|---|---|---|---|---|---|---|---|---|---|---|---|---|---|---|---|---|---|---|---|
| Dewey Decimal Classification | General | Inventariado 2017 | Bogotá | Bogotá | 03/03/2014 | Instituto | 39000.00 | LB-333.75 I62b | 034092 | 03/03/2014 | Ej. 1 | 03/03/2014 | Canje | Libro | |||||
| Dewey Decimal Classification | General | Inventariado 2017 | Sala Fabio Quevedo | Sala Fabio Quevedo | 03/03/2014 | Instituto | 39000.00 | LB-333.75 I62b | 028549 | 03/03/2014 | Ej. 2 | 03/03/2014 | Canje | Libro |